000 00897nam0a22002651 4500
001 rc\2769135
005 20250806204138.0
035 _a(NLR Aleph) 006895537
090 _a25587
_c25587
100 _a20110915d1941 u y0rusy50 ca
101 0 _arus
102 _aRU
105 _aa z |||a|
200 1 _aПомощник капитана
_e[Стихи]
_e[Для дошкол. возраста]
_fИл. В. Д. Бирюкова
210 _a[Ростов-на-Дону]
_cРостиздат
_d1941
215 _a16 ненум. с.
_cил.
_d17х22 см.
700 1 _aЖак
_bВ.К.
_gВениамин Константинович
702 1 _aБирюков
_bВ.Д.
_4440
801 0 _aRU
_bNLR
_gpsbo
801 1 _aRU
_bELAR
_2rusmarc
852 _aNLR
_jДл02 Г-6/2
942 _cBOOK
945 _aРоссийская национальная библиотека
980 _aNB
980 _aBV